00421 2200157 4500001002100000008004100021035002000062082000800082084001400090100002800104245005400132260003500186300002200221650001000243990001000253INLIS000000000000271 Ind  a0010-0226000271 a297 a297 AHM a aProf.Fazi Ahmad MA.M.Ed aAisyah Ibu Kaum MukminincProf.Fazi Ahmad MA.M.Ed aJakarta :bPT Bumi Restuc1985 a68 hlm.c20,5 cm. aAgama a197/1